Thomas Calculus (Record no. 63816)
[ view plain ]
| 000 -LEADER | |
|---|---|
| fixed length control field | 00509nam a22001937a 4500 |
| 003 - CONTROL NUMBER IDENTIFIER | |
| control field | NUST - PNEC |
| 005 - DATE AND TIME OF LATEST TRANSACTION | |
| control field | 20170116180823.0 |
| 008 - FIXED-LENGTH DATA ELEMENTS--GENERAL INFORMATION | |
| fixed length control field | 150629b xxu||||| |||| 00| 0 eng d |
| 020 ## - INTERNATIONAL STANDARD BOOK NUMBER | |
| International Standard Book Number | 9788131718674 |
| 040 ## - CATALOGING SOURCE | |
| Transcribing agency | LIBRARY |
| 082 ## - DEWEY DECIMAL CLASSIFICATION NUMBER | |
| Classification number | 515 THO |
| 100 ## - MAIN ENTRY--PERSONAL NAME | |
| 9 (RLIN) | 116 |
| Personal name | Thomas, George B. |
| 245 ## - TITLE STATEMENT | |
| Title | Thomas Calculus |
| Statement of responsibility, etc. | Maurice D.Weir |
| 250 ## - EDITION STATEMENT | |
| Edition statement | 11th ed |
| 260 ## - PUBLICATION, DISTRIBUTION, ETC. | |
| Place of publication, distribution, etc. | New Delhi |
| Name of publisher, distributor, etc. | Dorling Kindersley (India) Pvt.Ltd. |
| Date of publication, distribution, etc. | c2008. |
| 300 ## - PHYSICAL DESCRIPTION | |
| Extent | Various Pagges |
| 650 ## - SUBJECT ADDED ENTRY--TOPICAL TERM | |
| 9 (RLIN) | 4248 |
| Topical term or geographic name entry element | Calculus |
| General subdivision | ME |
| 942 ## - ADDED ENTRY ELEMENTS (KOHA) | |
| Source of classification or shelving scheme | |
| Koha item type | Book |
| Withdrawn status | Lost status | Source of classification or shelving scheme | Damaged status | Not for loan | Permanent Location | Current Location | Shelving location | Date acquired | Source of acquisition | Cost, normal purchase price | Total Checkouts | Full call number | Barcode | Date last seen | Date last checked out | Cost, replacement price | Price effective from | Koha item type |
|---|---|---|---|---|---|---|---|---|---|---|---|---|---|---|---|---|---|---|
| Pakistan Navy Engineering College (PNEC) | Pakistan Navy Engineering College (PNEC) | NUST PC-1 | 1133.60 | 1 | 515 THO | PNECLIB-030328 | 02/01/2016 | 01/19/2016 | 1133.60 | Book | ||||||||
| Pakistan Navy Engineering College (PNEC) | Pakistan Navy Engineering College (PNEC) | Donated | 0.00 | 5 | 515 THO | PNECLIB-024683 | 05/07/2016 | 05/07/2016 | 0.00 | Book | ||||||||
| Pakistan Navy Engineering College (PNEC) | Pakistan Navy Engineering College (PNEC) | 3 | 515 THO | PNECLIB-030327 | 10/19/2016 | 10/03/2016 | Book | |||||||||||
| Pakistan Navy Engineering College (PNEC) | Pakistan Navy Engineering College (PNEC) | 9 | 515 THO | PNECLIB-022275 | 12/01/2016 | 12/01/2016 | Book | |||||||||||
| Pakistan Navy Engineering College (PNEC) | Pakistan Navy Engineering College (PNEC) | 3 | 515 THO | PNECLIB-024613 | 11/09/2016 | 11/09/2016 | Book | |||||||||||
| Pakistan Navy Engineering College (PNEC) | Pakistan Navy Engineering College (PNEC) | 3 | 515 THO | PNECLIB-022237 | 11/07/2016 | 10/13/2016 | Book | |||||||||||
| Pakistan Navy Engineering College (PNEC) | Pakistan Navy Engineering College (PNEC) | 515 THO | PNECLIB-007097 | 07/29/2015 | Book | |||||||||||||
| Pakistan Navy Engineering College (PNEC) | Pakistan Navy Engineering College (PNEC) | 11 | 515 THO | PNECLIB-022254 | 11/30/2016 | 11/30/2016 | Book | |||||||||||
| Pakistan Navy Engineering College (PNEC) | Pakistan Navy Engineering College (PNEC) | 8 | 515 THO | PNECLIB-031675 | 11/28/2016 | 11/28/2016 | Book |
